Statistics for Largest City to Country #1

Click here to take the quiz!

General Stats

  • This quiz has been taken 66 times
  • The average score is 11 of 12

Answer Stats

CityCountry% Correct
WarsawPoland
100%
LondonUnited Kingdom
100%
New YorkUnited States
100%
PyongyangNorth Korea
100%
CairoEgypt
100%
SeoulSouth Korea
100%
JohannesburgSouth Africa
100%
JakartaIndonesia
98%
AucklandNew Zealand
98%
AsuncionParaguay
92%
N'DjamenaChad
75%
GuayaquilEcuador
73%

Score Distribution

Percentile by Number Answered

Percent of People with Each Score

Your Score History

You have not taken this quiz